000 01097nam a2200229 i 4500
001 151453
003 ES-MaACL
005 20250831102453.0
008 931025s1877 sp af |||| | spa d
100 1 _aAmador de los Ríos, José,
_d1818-1878
_921088
245 1 0 _aIglesias de San Salvador de Val-de-Dios y Parroquial de Sal Salvador de Priesca, en el Concejo de Villaviciosa (Asturias) /
_cpor José Amador de los Rios.
260 _aMadrid :
_b[s.n.],
_c1877 (
_fImp. de T. Fortanet y Calcografía Nacional)
300 _a31 p., [19] h. de grab. :
_bil., grab. ;
_c72 cm.
490 1 _aMonumentos Arquitectónicos de España. Monumentos latino bizantinos de la Monarquía Astur-Leonesa
599 _aLas h. de grab. calc.
610 2 7 _aIglesia de San Salvador de Valdediós
_2
_9144122
610 2 7 _aIglesia de San Salvador de Priesca (Villaviciosa)
_2
_9150876
650 4 _aArte prerrománico-
_zAsturias (Comunidad Autónoma)
_910276
830 0 0 _aMonumentos arquitectónicos de España
_9187641
852 _aES-MaACL
_jB-6984(3)
_z. - Enc. tela
999 _c151453
_d151453